00395cam a22001337a 4500008004000000020001500040082001600055100002400071245007100095260003300166300001000199650003200209650002000241180718b2005 xxu||||| |||| 00| 0 eng d a8177080881 aQ31x54 D969 aDwivedi, Rishi Muni aPoverty and development programmes in Indiacby Rishi Muni Dwivedi aNew DelhibNew Centuryc2005 a433p. aIndia - Economic conditions aPoverty - india